000
00219nam a2200109 4500
082
0
_a
307.14
100
1
_a
Frasier, Jane
245
1
0
_a
Basic health lessons
260
_a
Kenya
_c
1993
300
_a
P. 57
942
_2
ddc
_c
BK
999
_c
64529
_d
64503